000
00209nam a2200097Ia 4500
008
190216s9999||||xx |||||||||||||| ||und||
100
_a
Maheeb Simh
245
0
_a
Vyavaharik Hindi
260
_b
Null
942
_c
BK
999
_c
15367
_d
15367